all maps in the pvz shooters - Statistics

General Stats
  • This quiz has been taken 3 times
  • The average score is 27 of 56
Answer Stats
Hint Answer % Correct
aqua center
100%
boney island
100%
frontline flats
100%
frosty creek
100%
GW1 Garden center
100%
great white north
100%
lunar landing
100%
main street
100%
moon base Z
100%
sandy sands
100%
seeds of time
100%
time park
100%
wall nut hills
100%
zen peak
100%
Zombopolis
100%
Zomburbia
100%
GW2 backyard battleground
50%
cactus canyon
50%
cactus canyon night
50%
chomp town
50%
colizeum
50%
crash course
50%
crash course night
50%
driftwood shores
50%
driftwood shores night
50%
infinity time
50%
jewel junction
50%
jewel junction night
50%
main street night
50%
port scallywag
50%
seeds of time night
50%
sharkbite shores
50%
Suburban flats
50%
town center
50%
town center night
50%
wall nut hills night
50%
zomboss estate
50%
Z tech factory
50%
colossal fossil
0%
daisy drive
0%
BFN dave manor
0%
giddy park
0%
goopy gully
0%
loggy acres
0%
mount steep
0%
peachy district
0%
preserve pastures
0%
pressure pier
0%
rocky flats
0%
ruiny ruins
0%
the gnomiverse
0%
tourist trap island
0%
turning point
0%
weirding woods
0%
zomboss HQ
0%
Z tech oozevoir
0%
No matching quizzes found
Score Distribution
Percent of People with Each Score
Percentile by Number Answered
Your Score History
You have not taken this quiz